000 01047nam a22001937a 4500
999 _c58674
_d58674
003 Ge_BSU
005 20220624130059.0
008 220624s2022 ge ||||| |||| 00| 0 geo d
020 _a9789941934131
041 _aგეო
080 _a343.1(479.22)(094.4) ს-32
245 _aსაქართველოს სისხლის სამართლის საპროცესო კოდექსი :
_b2022 წლის 20 მარტის მგომარეობით : ანბანურ-საგნობრივი საძიებლით .
264 _aთბილისი :
_bიურისტების სამყარო,
_c2022.
300 _a296 გვ. ;
_b21 სმ.
490 _aიურისტების სამყარო
501 _aანბანური საძიებელი: გვ. 288-290.
653 _aსაქართველოს სისხლის სამართლის საპროცესო კოდექსი
942 _2udc
_cBK